|
|
|
|
| LEADER |
00000cam a2200000 7i4500 |
| 001 |
0000009688 |
| 005 |
20230515.0 |
| 008 |
011019 azu eng |
| 020 |
|
|
|a 1576107507 (pbk)
|
| 040 |
|
|
|a INS
|
| 090 |
0 |
0 |
|a T385
|b .L6482 2000
|
| 100 |
1 |
|
|a London, Sherry
|
| 245 |
1 |
0 |
|a Illustrator 9 f/x and Design
|c Sherry London
|
| 260 |
|
|
|a Scottsdale, Arizona :
|b Coriolis Group ,
|c c2000
|
| 300 |
|
|
|a xxii, 521 p. :
|b ill. ;
|c 26 cm. +.
|e 1 computer optical disc (4 3/4in)
|
| 500 |
|
|
|a Includes index
|
| 650 |
|
0 |
|a Adobe Illustrator (Computer file)
|
| 650 |
|
0 |
|a Computer graphics
|
| 999 |
|
|
|a 0000008251
|b BOOK
|c Open Shelf
|e Default branch
|
| 999 |
|
|
|a 0000008894
|b BOOK
|c Open Shelf
|e Default branch
|